LEADER 01156nam a2200253 4500 001 000000336781 003 CaOOAMICUS 005 20191004113320.0 008 191001s1999 xxu 000 u eng r 020 $a0-8308-1581-3 040 $aSeMil$bita 100 1 $aDembski, William A.,$d<1960- >.$0(OLS)http://semarc/name/110256 245 10$aIntelligent Design :$bthe bridge between science & theology /$cWilliam A. Dembski. 264 1$aDowners Grove, Illinois :$bInterVarsity Press,$c1999. 300 $a312 p. ;$c24 cm 650 4$aUniverso e vita - Disegno intelligente.$0(OLS)http://semarc/subject/48739 650 4$aUniverso e vita - Origine.$0(OLS)http://semarc/subject/48136 850 $aSeMil 852 $aSeMil$W1$xVenegono$y1$m3X IV 102$j219125$B228713$CSeMilBibl$Z2$F228713 $81 961 $aBrambilla don Paolo - Omaggio 996 $6020$a0-8308-1581-3$9(OLS)http://semarc/number/288733 996 $6245$aIntelligent Design :$bthe bridge between science & theology$9(OLS)http://semarc/title/425928 996 $6264$aDowners Grove, Illinois :$bInterVarsity Press$9(OLS)http://semarc/publisher/58564 LEADER 01459nam a2200301 i 4500 001 000000052571 003 CaOOAMICUS 005 20091029000000.0 008 091029s1996 it u000 u ita u 013 $a23743 020 $a88-399-0384-4 040 $aSeMil$bita 100 1 $aKuschel, Karl-Josef <1948- >.$0(OLS)http://semarc/name/19828 240 10$aGeboren vor aller Zeit? : der Streit um Christi Ursprung.$0(OLS)http://semarc/title/58241 245 10$aGenerato prima di tutti i secoli? :$bla controversia sull'origine di Cristo /$cKarl-Josef Kuschel ; [prefazione all'ed. italiana di Hans Küng]. 260 $aBrescia :$bQueriniana,$c1996. 300 $a778 p. ;$c23 cm. 490 0 $aBiblioteca di teologia contemporanea ;$v84 650 4$aCristologia.$0(OLS)http://semarc/subject/173 650 4$aPreesistenza - Teologia cristiana.$0(OLS)http://semarc/subject/8510 700 1 $aKüng, Hans,$d<1928-2021>.$0(OLS)http://semarc/name/175 830 0$aBiblioteca di teologia contemporanea ;$v84.$0(OLS)http://semarc/title/14 850 $aSeMil 852 $aSeMil$W1$xVenegono$y1$m2BA M 84$j18725$B18725$CSeMilBibl$Z2$F18727 $81 961 $aAcquisto: Casa editrice 996 $6020$a88-399-0384-4$9(OLS)http://semarc/number/27014 996 $6245$aGenerato prima di tutti i secoli? :$bla controversia sull'origine di Cristo$9(OLS)http://semarc/title/80704 996 $6260$aBrescia :$bQueriniana$9(OLS)http://semarc/publisher/29615